Los aliados en 1917 (Record no. 21574)

MARC details
000 -LEADER
campo de control de longitud fija 00911nam a2200229 i 4500
001 - NÚMERO DE CONTROL
campo de control 21574
003 - IDENTIFICADOR DE NÚMERO DE CONTROL
campo de control ES-MaACL
005 - FECHA Y HORA DE LA ÚLTIMA TRANSACCIÓN
campo de control 20250825034739.0
007 - CAMPO FIJO DE DESCRIPCIÓN FÍSICA--INFORMACIÓN GENERAL
campo de control de longitud fija t|
008 - DATOS DE LONGITUD FIJA--INFORMACIÓN GENERAL
campo de control de longitud fija 021126q1917 sp a |||| | spa d
080 ## - NÚMERO DE LA CLASIFICACIÓN DECIMAL UNIVERSAL
Número de la Clasificación Decimal Universal 940.3/.4(084.12)
245 04 - MENCIÓN DEL TÍTULO
Título Los aliados en 1917
Resto del título : álbum de la guerra /
Mención de responsabilidad, etc. publicación del Comité de Periodistas Catalanes para la Propaganda Aliadófila.
260 ## - PUBLICACIÓN, DISTRIBUCIÓN, ETC.
Lugar de publicación, distribución, etc. Barcelona :
Nombre del editor, distribuidor, etc. [s.n.,
Fecha de publicación, distribución, etc. 1917?] (
Fabricante Imp. A. Artís)
300 ## - DESCRIPCIÓN FÍSICA
Extensión 114 p. :
Otras características físicas il.. ;
Dimensiones 25 x 35 cm.
546 ## - NOTA DE IDIOMA
Nota de lengua/lenguaje Textos en castellano y catalán.
595 ## -
-- En contracub.: 1ª ed. de 50.000 ejemplares.
650 14 - PUNTO DE ACCESO ADICIONAL DE MATERIA--TÉRMINO DE MATERIA
Término de materia o nombre geográfico como elemento de entrada Guerra mundial, 1914-1918-
Subdivisión general Opinión pública.
9 (RLIN) 13224
650 #4 - PUNTO DE ACCESO ADICIONAL DE MATERIA--TÉRMINO DE MATERIA
Término de materia o nombre geográfico como elemento de entrada Guerra mundial, 1914-1918-
Subdivisión de forma Obras ilustradas.
9 (RLIN) 148755
710 2# - ENTRADA AGREGADA--NOMBRE DE ENTIDAD CORPORATIVA
Nombre de entidad corporativa o nombre de jurisdicción como elemento de entrada Comité de Periodistas Catalanes para la Propaganda Aliadófila
9 (RLIN) 3077
852 ## - LOCALIZACIÓN
Ubicación ES-MaACL
Número de control de estantería F-9398
Nota libre - Enc. editorial cartoné
Holdings
Estatus retirado Estado de pérdida Estado de daño No para préstamo Biblioteca de origen Biblioteca actual Ubicación en estantería Fecha de adquisición Fuente de adquisición Total de préstamos Signatura topográfica completa Código de barras Visto por última vez Precio de reemplazo Tipo de ítem Koha
        Biblioteca del Ateneo de Madrid Biblioteca del Ateneo de Madrid Sala Pecera Planta 2 17/01/2008     F-9398 1022172 23/02/2023 23/02/2023 Libro impreso